Представление документа в формате RUSMARC

ПолеНазваниеЗначение
  Тип записи i
  Библиографический уровень m
001 Контрольный номер RU/IS/BASE/366110514
005 Дата корректировки 20201206204811.8
010 Индекс ISBN __
d Цена 147-50
101 Язык документа __
a Язык текста rus
c Язык оригинала eng
200 Заглавие и сведения об ответственности 1_
a Заглавие Таинственный посетитель
e Сведения, относящиеся к заглавию [радиоспектакль]
f Первые сведения об ответственности Агата Кристи ; в ролях: Инна Алабина [и др.] ; ГТРФ
b Общее обозначение материала Звукозапись
210 Выходные данные __
a Место издания М.
c Издательство ФГУ "Гос. фонд телевиз. и радиопрограмм"
c Издательство Аудитория
c Издательство Звуковая кн.
d Дата издания 2010
215 Физическое описание __
a Объем 1 электрон. опт. диск (Audio CD) (1 ч. 08 мин.)
225 Серия __
a Серия Коллекция радиоспектаклей Гостелерадиофонда
v Обозначение тома Диск № 28
225 Серия __
a Серия Детектив
300 Общие примечания __
a Общие примечания 192 кбит/с ; 44 кГц
a Общие примечания Запись 1995 г. Радиоспектакль по рассказу А. Кристи "Когда боги смеются"
323 Примечание о главных создателях, исполнителях, участниках __
a Примечание о главных создателях, исполнителях, участниках Андреева, З.
a Примечание о главных создателях, исполнителях, участниках Захаров, Б.
a Примечание о главных создателях, исполнителях, участниках Леньков, А.
a Примечание о главных создателях, исполнителях, участниках Лобанов, М.
a Примечание о главных создателях, исполнителях, участниках Карапетян, А.
a Примечание о главных создателях, исполнителях, участниках Шабарин, Л.
a Примечание о главных создателях, исполнителях, участниках Алабина, И.
a Примечание о главных создателях, исполнителях, участниках Ильина, Л.
a Примечание о главных создателях, исполнителях, участниках Дугин, В.
a Примечание о главных создателях, исполнителях, участниках Полонский, Д.
a Примечание о главных создателях, исполнителях, участниках Ширяев, В.
327 Примечание о содержании __
a Примечание о содержании Арсен Люпен, джентльмен-грабитель : [радиоспектакль по рассказам французского писателя Мориса Леблана]
330 Аннотация __
a Аннотация Детективы Агаты Кристи читаются во все времена одинаково интересно. Ведь они рассказывают о людях, и желаниях, коварных замыслах и злых поступках. Что произошло с племянником богатой старушки? Что он задумал? Причем здесь радио? Как жизнь перевернула сюжет этой истории? Прекрасное звуковое оформление тонко подчеркивает характеры героев и остроту происходящих событий, а талантливая игра актеров и необычные повороты сюжета будут держать в напряжении до конца звуковой дорожки.
606 Тематические рубрики __
a Основная рубрика Музыка и зрелищные искусства
606 Тематические рубрики __
a Основная рубрика Художественное радиовещание
610 Ключевые слова __
a Ключевые слова радиоспектакли; детективы; детективная литература; тема убийств; тема приключений; тема расследований; тема преступлений; зарубежная литература; иностранная литература; радиопостановки; английская литература
686 Индексы других классификаций __
a Классификационный индекс 85.38я04
700 Автор _1
a Фамилия Кристи
b Имя А.
g Полное личное имя Агата
4 Код отношения 070
702 Вторичная интеллектуальная ответственность _1
a Фамилия Леблан
b Имя М.
4 Код отношения Автор
4 Код отношения 070
801 Источник записи _0
a Страна RU
b Организация Муниципальное бюджетное учреждение культуры "Централизованная библиотечная система" г. Сургут (Центральная городская библиотека им. А. С. Пушкина)
g Правила каталогизации КиК/Поспелова
801 Источник записи _1
a Страна RU
b Организация Муниципальное бюджетное учреждение культуры "Централизованная библиотечная система" г. Сургут (Центральная городская библиотека им. А. С. Пушкина)
g Правила каталогизации КиК/Поспелова
852 Данные о местонахождении __
j Шифр хранения 85.38я04
i Авторский знак К 82
901 Тип документа __
t Тип документа 0
903 Характеристики (МАРС) __
a Дата передачи 20110808
990 Данные о заказе (DOS) __
j Количество экземпляров (DOS) 3
h N записи в КСУ для Б/У (DOS) 201109